| 000 | 00388nam a2200145Ia 4500 | ||
|---|---|---|---|
| 008 | 231217s9999 xx 000 0 und d | ||
| 041 | _aEnglish | ||
| 082 | _a629.892 YAS;1 R | ||
| 100 | _aYashikawa, Tsuneo | ||
| 245 | 0 | _aFoundation of robotics : Analysis and control | |
| 260 |
_c1990 _bPHI _aNew Delhi |
||
| 300 | _ax+285 | ||
| 650 | _aFoundation,robotics,:,control | ||
| 942 | _cAA | ||
| 999 |
_c170852 _d170852 |
||